000 01258nam a2200289 i 4500
001 187606
003 ES-MaACL
005 20250725232726.0
008 171207s1986 sp a |||| | spa d
020 _a84-86163-45-5
080 _a860-14"14/15"(082.2)
245 0 0 _aCancionero de poesías varias
_b: manuscrito nº 617 de la Biblioteca Real de Madrid /
_cedición, prólogo, notas e índices de José J. Labrador, C. Ángel Zorita, Ralph A. di Franco.
260 _aMadrid :
_bEl Crotalón,
_c1986.
300 _aXL, 667 p. :
_bil. ;
_c23 cm.
490 1 _aAnejos del Anuario de filología española de El crotalón. Textos ;
_v2
504 _aBibliografía: p. 605-619.
650 4 _aPoesías españolas-
_yHasta S.XV.
_9152332
650 4 _aPoesías españolas-
_yS.XVI-XVII
_916219
700 1 _aLabrador Herraiz, José J.
_969288
700 1 _aZorita, C. Ángel.
_9163895
700 0 _aDiFranco, Ralph A.
_944793
830 0 _aAnejos del Anuario de filología española de El crotalón. Textos ;
_v2
_9225582
852 _aES-MaACL
_jA-14049
_9194692
_bR.151056
_cDEPO1
_dOlim: N-7049
_hDonación: José J. Labrador Herraiz
903 _969288
_aLabrador Herraiz, José J.
_ednr
942 _2udc
_cMONOGRAFIA
999 _c187606
_d187606